<?xml version="1.0" encoding="UTF-8"?>
<collection xmlns="http://www.loc.gov/MARC21/slim">
 <record>
  <leader>01642nam a2200229 a 4500</leader>
  <controlfield tag="001">1/53439</controlfield>
  <controlfield tag="008">210902s1999    gr       b    000 | gre d</controlfield>
  <datafield tag="020" ind1=" " ind2=" ">
   <subfield code="a">9608029023</subfield>
  </datafield>
  <datafield tag="040" ind1=" " ind2=" ">
   <subfield code="a">GR-PeUP</subfield>
  </datafield>
  <datafield tag="082" ind1="0" ind2="0">
   <subfield code="a">027.709495 ΟΡΓ</subfield>
  </datafield>
  <datafield tag="245" ind1="0" ind2="0">
   <subfield code="a">Οργάνωση &amp; συνεργασία ακαδημαϊκών βιβλιοθηκών στην ψηφιακή εποχή =</subfield>
   <subfield code="b">Organisation &amp; collaboration of academic libraries in the digital age : πρακτικά του 7ου Πανελλήνιου Συνεδρίου Ακαδημαϊκών Βιβλιοθηκών, Βόλος 4-6 Νοεμβρίου 1998: proceedings of the 7th greek conference of academic libraries, Volos 4-6 November 1998 / </subfield>
   <subfield code="c">επιμέλεια Γιάννης Κλαψόπουλος, Νάντια Χαγιαλά.</subfield>
  </datafield>
  <datafield tag="260" ind1=" " ind2=" ">
   <subfield code="a">Βόλος : </subfield>
   <subfield code="b">Πανεπιστημιακές Εκδόσεις Θεσσαλίας, </subfield>
   <subfield code="c">c1999.</subfield>
  </datafield>
  <datafield tag="300" ind1=" " ind2=" ">
   <subfield code="a">473 σ. ;</subfield>
   <subfield code="c">24 εκ.</subfield>
  </datafield>
  <datafield tag="500" ind1=" " ind2=" ">
   <subfield code="a">Κείμενο στα ελληνικά και αγγλικά.</subfield>
  </datafield>
  <datafield tag="500" ind1=" " ind2=" ">
   <subfield code="a">Παράλληλος Τίτλος: Organisation &amp; collaboration of academic libraries in the digital age proceedings of the 7th greek conference of academic libraries, Volos 4-6 November 1998.</subfield>
  </datafield>
  <datafield tag="504" ind1=" " ind2=" ">
   <subfield code="a">Περιλαμβάνει βιβλιογραφία.</subfield>
  </datafield>
  <datafield tag="650" ind1=" " ind2="0">
   <subfield code="a">Academic libraries</subfield>
   <subfield code="z">Greece</subfield>
   <subfield code="x">Congesses.</subfield>
  </datafield>
  <datafield tag="650" ind1=" " ind2="4">
   <subfield code="a">Βιβλιοθήκες, Ακαδημαϊκές</subfield>
   <subfield code="z">Ελλάδα</subfield>
   <subfield code="x">Συνέδρια.</subfield>
  </datafield>
  <datafield tag="700" ind1="1" ind2=" ">
   <subfield code="a">Κλαψόπουλος, Γιάννης.</subfield>
  </datafield>
  <datafield tag="700" ind1="1" ind2=" ">
   <subfield code="a">Χαγιαλά, Νάντια.</subfield>
  </datafield>
  <datafield tag="852" ind1=" " ind2=" ">
   <subfield code="a">INST</subfield>
   <subfield code="b">UNIPILB</subfield>
   <subfield code="c">MAIN</subfield>
   <subfield code="e">20210902</subfield>
   <subfield code="h">027.709495 ΟΡΓ</subfield>
   <subfield code="p">00184476</subfield>
   <subfield code="q">00184476</subfield>
   <subfield code="t">LOAN</subfield>
   <subfield code="y">0</subfield>
   <subfield code="4">1</subfield>
  </datafield>
  <datafield tag="960" ind1=" " ind2=" ">
   <subfield code="a">ΑΛΜΠΑΝΗ ΤΑΝΙΑ</subfield>
  </datafield>
 </record>
</collection>
